Fleuve ou Rivière ? - Statistiques

Statistiques générales
  • Ce quiz a été pris 483 fois
    475 depuis la dernière actualisation
  • Le résultat moyen est 9 sur 16
Statistiques - réponses
Hint Explanation Réponse % Correct
Verdon ? Affluent de la Durance Rivière
75%
Durance ? Affluent du Rhône Rivière
72%
Var ? Fleuve côtier qui ne passe pas dans le département du même nom ! Fleuve
70%
Ardèche ? Affluent du Rhône Rivière
70%
Gave de Pau ? Affluent de l'Adour Rivière
68%
Charente ? Se jette dans l'Océan Atlantique Fleuve
66%
Somme ? Se jette dans la manche Fleuve
65%
Aisne ? Affluent de l'Oise, lui même affluent de la Seine Rivière
61%
Meuse ? Se jette dans la mer du nord au Pays-Bas Fleuve
59%
Loir ? Affluent de la Sarthe, lui même affluent de la Loire Rivière
57%
Vilaine ? Se jette dans l'Océan Atlantique Fleuve
55%
Moselle ? Affluent du Rhin Rivière
51%
Escaut ? Se jette dans la mer du nord au Pays-Bas Fleuve
50%
Adour ? Se jette dans l'Océan Atlantique Fleuve
47%
Aa ? Fleuve côtier du Nord, se jette dans la manche Fleuve
46%
Rance ? Fleuve côtier de Bretagne Fleuve
40%
Aucun quiz correspondant
Distribution des résultats
% des personnes avec chaque résultat
Percentile par nombre de réponses
Votre historique - résultats
Vous n’avez pas pris ce quiz depuis la dernière actualisation